Southville International School and Colleges
Your cart is empty.
  • Cart
  • Lists
    Public lists Eva Luna New books Lux_list list_1
    Your lists Log in to create your own lists
  • Log in to your account
  • Your cookies
  • Search history
Southville International School and Colleges
  • Advanced search
  • Recent comments
  • Most popular
  • Libraries

Log in to your account

Log in with GOOGLE


If you do not have an external account, but do have a local account, you can still log in:

  1. Home
  2. MARC view: English - Tagalog dictionary /
Normal view MARC view ISBD view

English - Tagalog dictionary / (Record no. 112332)

[ view plain ]
MARC details
000 -LEADER
fixed length control field 00493nam a2200181 a 4500
001 - CONTROL NUMBER
control field 1849
005 - DATE AND TIME OF LATEST TRANSACTION
control field 20140414131933.0
008 - FIXED-LENGTH DATA ELEMENTS--GENERAL INFORMATION
fixed length control field 010424s19uu xx 00 eng d
020 ## - INTERNATIONAL STANDARD BOOK NUMBER
International Standard Book Number 971-08-2962-9
050 ## - LIBRARY OF CONGRESS CALL NUMBER
Classification number REF 499.211
Item number E36 1977
100 ## - MAIN ENTRY--PERSONAL NAME
Personal name English, Leo James
245 ## - TITLE STATEMENT
Title English - Tagalog dictionary /
Statement of responsibility, etc by Leo Jame English.
260 ## - PUBLICATION, DISTRIBUTION, ETC. (IMPRINT)
Place of publication, distribution, etc Manila, Philippines :
Name of publisher, distributor, etc National Bookstore,
Date of publication, distribution, etc 1977.
300 ## - PHYSICAL DESCRIPTION
Extent 1211 p. ; cm.
650 ## - SUBJECT ADDED ENTRY--TOPICAL TERM
Topical term or geographic name as entry element Title.
Holdings
Withdrawn status Lost status Damaged status Use restrictions Home library Current library Shelving location Date acquired Source of acquisition Total Checkouts Full call number Barcode Date last seen Price effective from Koha item type
        Munich Library Munich Library Reference Section 12/21/2004     REF 499.211 E36 1977 M3596 04/14/2014 04/14/2014 Books
        Munich Library Munich Library Reference Section 01/12/2011     REF 499.211 E36 1977 M3595 04/14/2014 04/14/2014 Books

English - Tagalog dictionary /

APA

English L. J., . (1977). English - Tagalog dictionary. Manila, Philippines: National Bookstore.

Chicago

English Leo James, . 1977. English - Tagalog dictionary. Manila, Philippines: National Bookstore.

Harvard

English L. J., . (1977). English - Tagalog dictionary. Manila, Philippines: National Bookstore.

MLA

English Leo James, . English - Tagalog dictionary. Manila, Philippines: National Bookstore. 1977.

  • Place hold
  • Print
  • Cite
  • Add to your cart (remove)
  • Save record
    BIBTEX Dublin Core MARCXML MARC (non-Unicode/MARC-8) MARC (Unicode/UTF-8) MARC (Unicode/UTF-8, Standard) MODS (XML) RIS
  • More searches
    Search for this title in:
    Other Libraries (WorldCat) Other Databases (Google Scholar) Online Stores (Bookfinder.com) Open Library (openlibrary.org)

Exporting to Dublin Core...

SOUTHVILLE LIBRARY

Southville International School and Colleges Library

1281 Tropical Ave. Cor. Luxembourg St., BF Homes International, Las Pinas City

Tel. No. 8256374 / 252358 Loc. 117/146

Powered by Koha